| 000 | 01129 a2200241 4500 | ||
|---|---|---|---|
| 001 | 47665 | ||
| 005 | 20260407155743.0 | ||
| 008 | 260407a1985 arg spa d | ||
| 003 | AR-UNSa-BCEJYS | ||
| 040 |
_aAR-UNSa-BCEJYS _bspa _cAR-UNSa-BCEJYS |
||
| 080 |
_a330.342.146 _xEconomía social de mercado. Economía del estado del bienestar |
||
| 245 | 1 | 0 |
_aAprenda divirtiéndose el ABC de la economía _pguía humorística del capitalismo, la economía mixta y el socialismo |
| 020 | _a968-6034-48-X | ||
| 264 | 1 |
_aMéxico : _bHarla _c1985 |
|
| 300 |
_a218 p. _c21 cm. |
||
| 505 | _aParte I: Economía y la búsqueda de la prosperidad -- Parte II: El mercado libre -- Parte III: Escape del mercado libre -- Parte IV: Regreso al mercado libre -- Parte V: Cierre definitivo del mercado libre Parte VI: El mundo de la competición perfecta. | ||
| 942 | _cBK | ||
| 590 | _aniveau_biblio:m niveau_hierar:0 | ||
| 100 | 1 | _aCorrea, Jorge Blanco | |
| 700 | 1 | _aDouglas, Michael | |
| 700 | 1 | _aPaniagua Bocanegra, Francisco | |
| 856 | 4 | 1 |
_uhttps://biblioeco.unsa.edu.ar/pmb/images/libros/L127627.jpg _yImagen de portada _qimage/jpeg |
| 999 |
_c4430 _d4430 |
||